| 000 | 00535cam a2200217ua 4500 | ||
|---|---|---|---|
| 001 | 8410 | ||
| 005 | 20260515114330.0 | ||
| 008 | 150129n ii |||gr||||Z||||||eng | ||
| 020 | _a0333934784 | ||
| 040 | _cMAIN | ||
| 041 | _aeng | ||
| 082 | _a809 | ||
| 100 |
_aBlamires. H., _eAuthor. |
||
| 245 |
_aHistory of literary criticism _cBy Harry Blamires |
||
| 250 | _a1st. | ||
| 260 |
_aCalcutta: _bMacmillan, _c2001. |
||
| 300 | _ax,410p. | ||
| 653 | _aHistory, description & criticism | ||
| 653 | _aLiterary criticism | ||
| 942 | _cBK | ||
| 999 |
_c7513 _d7513 |
||